000 00596nam a2200229Ia 4500
003 OSt
005 20221005114218.0
006 a|||||r|||| 00| 0
007 ta
008 221004b |||||||| |||| 00| 0 eng d
024 _a42153
037 _cTextual
040 _aCRL
_cCRL
_beng
041 _2eng
_aeng
082 _aO121x, 111J1
100 _aCaetani Marguerite Ed.
_9625610
245 0 _aAnthology of new Italian writers
260 _c1951
650 _aENGLISH LITERATURE
942 _hO121x, 111J1
_cTEXL
_2cc
999 _c1030654
_d1030654